El Mar Negro: geopolítica de una región encrucijada de caminos

Spremljeno u:
Bibliografski detalji
Glavni autor: Marcu, Silvia (autora)
Format: Knjiga
Jezik:španjolski
Izdano: Valladolid Universidad de Valladolid 2007
Serija:Historia, 128
Teme:
Oznake: Dodaj oznaku
Bez oznaka, Budi prvi tko označuje ovaj zapis!

MARC

LEADER 00000nam a2200000 a 4500
001 UCI7908
003 CL-VaPUC
008 080731e20070000SP |||||||||||||||||spa|d
020 |a 9788484484462 
082 0 4 |a 320.12  |b MAR  |2 21 
100 |a Marcu, Silvia  |e autora  |9 531313 
245 1 3 |a El Mar Negro: geopolítica de una región encrucijada de caminos 
300 |a 298 p 
942 |c BK 
945 |d 20080731 00:00:00  |a rbrito 
260 |a Valladolid  |b Universidad de Valladolid  |c 2007 
650 0 |a Geopolítica  |9 313921 
651 7 |a MAR NEGRO  |2 CL-VaPUC  |9 531314 
651 0 |a Europa  |9 255156 
583 |a last modification  |c 20080731 00:00:00  |k Rodrigo Vera 
490 0 |a Historia, 128 
999 |c 331037  |d 331035 
952 |0 0  |1 0  |4 0  |6 320_120000000000000_MAR_2007  |7 0  |8 A  |9 417134  |a BIBHIS  |b BIBHIS  |d 2019-11-22  |i 4468147  |l 1  |o 320.12 MAR 2007  |p 4468147  |r 2025-01-20  |s 2023-10-11  |w 2019-11-22  |y BK  |k HIS